| 000 | 00670nam a2200205 a 4500 | ||
|---|---|---|---|
| 001 | 12968 | ||
| 003 | BD-JhCC | ||
| 005 | 20230607092610.0 | ||
| 008 | 230607s2021 b |||| |||| 000 0 b d | ||
| 035 | _a(BD-JhCC)12967 | ||
| 040 |
_aBD-JhCC _dBD-JhCC |
||
| 041 | _aben | ||
| 082 |
_a891.4415 _bISL 2021 |
||
| 100 | _aইসলাম, মোহাম্মদ নজরুল | ||
| 245 |
_aলাল সূর্য / _cমোহাম্মদ নজরুল ইসলাম |
||
| 260 |
_aঢাকা : _bডিজি প্রিন্টার্স, _c২০২১ |
||
| 300 |
_a৬২ পৃ. : _c২১ সেমি. |
||
| 650 | _aBengali Poem | ||
| 942 |
_2ddc _cBK |
||
| 999 |
_c12968 _d12968 |
||